01265cam a22003131 4500001001300000003000400013005001700017008004100034010001700075035001900092040002400111042001200135050002300147051001700170082001100187100005000198245011300248260002000361300008200381490006600463500012500529500008700654504003200741650002200773650002600795650002700821710002900848810007400877gs 46000137 DLC20260227111351.0751029s1946 gauab 000 0 eng  ags 46000137  a(OCoLC)1742604 aDLCcFJdOCoLCdDLC apremarc00aQE101b.A12 no. 52 aTD224.G4bL3 a557.581 aLa Moreaux, Philip E.q(Philip Elmer),d1920-10aGeology and ground-water resources of the coastal plain of east-central Georgia.cby Philip E. La Moreaux... aAtlanta,c1946. axi, 173 p.bincl. illus., tables, diagrs. maps (2 fold., 1 in pocket)c23 cm.1 aGeorgia. Dept. of Mines, Mining and Geology. Bulletinvno. 52 aAt head of title: Georgia. State division of conservation. Dept. of mines, mining and geology...The geological survey... aPublished in cooperation with the Geological Survey, U.S. Dept. of the Interior... aBibliographical foot-notes. 0aGeologyzGeorgia. 0aGroundwaterzGeorgia. 0aWater-supplyzGeorgia.2 aGeological Survey (U.S.)10aGeorgia.bDepartment of Mines, Mining and Geology.tBulletinvno. 52.